What Time is This Place? (Record no. 5740)
[ view plain ]
| 000 -LEADER | |
|---|---|
| fixed length control field | 00250nam a2200109Ia 4500 |
| 008 - FIXED-LENGTH DATA ELEMENTS--GENERAL INFORMATION | |
| fixed length control field | 200302s9999 xx 000 0 und d |
| 100 ## - MAIN ENTRY--PERSONAL NAME | |
| Personal name | Kevin Lynch |
| 245 ## - TITLE STATEMENT | |
| Title | What Time is This Place? |
| 260 ## - PUBLICATION, DISTRIBUTION, ETC. | |
| Name of publisher, distributor, etc. | The Mit Press |
| 260 ## - PUBLICATION, DISTRIBUTION, ETC. | |
| Date of publication, distribution, etc. | 1972 |
| 300 ## - PHYSICAL DESCRIPTION | |
| Extent | 277 P., |
| Withdrawn status | Lost status | Source of classification or shelving scheme | Damaged status | Not for loan | Permanent Location | Current Location | Date acquired | Cost, normal purchase price | Total Checkouts | Full call number | Barcode | Date last seen | Date last checked out | Price effective from | Koha item type | Public note |
|---|---|---|---|---|---|---|---|---|---|---|---|---|---|---|---|---|
| BMS College of Architecture, Design and Planning | BMS College of Architecture, Design and Planning | 2020-03-03 | 2394.00 | 1 | 301.24 | CL-UG69400 | 2022-05-09 | 2022-04-19 | 2020-03-03 | UG Books from CL | S-10 | |||||
| BMS College of Architecture, Design and Planning | BMS College of Architecture, Design and Planning | 2020-03-03 | 1313.00 | 301.24 | CL-PG55881 | 2020-03-03 | 2020-03-03 | PG Books from CL | S-10 |